| 000 | 00521nam a2200181Ia 4500 | ||
|---|---|---|---|
| 005 | 20250326124419.0 | ||
| 008 | 250326s9999 xx 000 0 und d | ||
| 037 | _aTextbook | ||
| 040 |
_aFMSL _beng _cFMSL |
||
| 041 |
_aeng _2eng |
||
| 084 |
_aX:8 K3;1 _qFMSL |
||
| 100 |
_aMichael S R _9343457 |
||
| 245 | 0 |
_aAppraising management practices and performance _cMichael S R |
|
| 260 |
_aNew Jersey _bNew Jersey, Prentice-Hall _c1963 |
||
| 300 | _a218p | ||
| 942 |
_cTB _hX:8 K3;1 |
||
| 999 |
_c1273616 _d1273616 |
||